000 00569nam a2200193Ia 4500
005 20230228140641.0
008 131103s9999 xx 000 0 und d
040 _aLoreto College
041 _aEnglish
082 _a821.08
_bSAC
245 _aAnother world than this...
_b an anthology
_ccompiled by V. Sackville-West and Harold Nicolson
260 _aLondon
_bMichael Joseph
_c1946
300 _a247p.
504 _aIncludes index of authors
650 _aEnglish Poetry - Collections
700 _aSackville-West, V., comp.
850 _aLCLIB
942 _cBK
999 _c13037
_d63516